<?xml version="1.0" encoding="UTF-8"?><?xml-stylesheet type="text/xsl" href="static/style.xsl"?><OAI-PMH xmlns="http://www.openarchives.org/OAI/2.0/" xmlns:xsi="http://www.w3.org/2001/XMLSchema-instance" xsi:schemaLocation="http://www.openarchives.org/OAI/2.0/ http://www.openarchives.org/OAI/2.0/OAI-PMH.xsd"><responseDate>2026-04-13T02:40:52Z</responseDate><request verb="GetRecord" identifier="oai:www.recercat.cat:2445/68570" metadataPrefix="marc">https://recercat.cat/oai/request</request><GetRecord><record><header><identifier>oai:recercat.cat:2445/68570</identifier><datestamp>2025-11-19T11:04:22Z</datestamp><setSpec>com_2072_1057</setSpec><setSpec>col_2072_478917</setSpec><setSpec>col_2072_478924</setSpec></header><metadata><record xmlns="http://www.loc.gov/MARC21/slim" xmlns:dcterms="http://purl.org/dc/terms/" xmlns:xsi="http://www.w3.org/2001/XMLSchema-instance" xmlns:doc="http://www.lyncode.com/xoai" xsi:schemaLocation="http://www.loc.gov/MARC21/slim http://www.loc.gov/standards/marcxml/schema/MARC21slim.xsd">
   <leader>00925njm 22002777a 4500</leader>
   <datafield ind2=" " ind1=" " tag="042">
      <subfield code="a">dc</subfield>
   </datafield>
   <datafield ind2=" " ind1=" " tag="720">
      <subfield code="a">Abbatecola, Angela M.</subfield>
      <subfield code="e">author</subfield>
   </datafield>
   <datafield ind2=" " ind1=" " tag="720">
      <subfield code="a">Cherubini, Antonio</subfield>
      <subfield code="e">author</subfield>
   </datafield>
   <datafield ind2=" " ind1=" " tag="720">
      <subfield code="a">Guralnik, Jack M.</subfield>
      <subfield code="e">author</subfield>
   </datafield>
   <datafield ind2=" " ind1=" " tag="720">
      <subfield code="a">Andrés Lacueva, Ma. Cristina</subfield>
      <subfield code="e">author</subfield>
   </datafield>
   <datafield ind2=" " ind1=" " tag="720">
      <subfield code="a">Ruggiero, Carmelinda</subfield>
      <subfield code="e">author</subfield>
   </datafield>
   <datafield ind2=" " ind1=" " tag="720">
      <subfield code="a">Maggio, Marcello</subfield>
      <subfield code="e">author</subfield>
   </datafield>
   <datafield ind2=" " ind1=" " tag="720">
      <subfield code="a">Bandinelli, Stefania</subfield>
      <subfield code="e">author</subfield>
   </datafield>
   <datafield ind2=" " ind1=" " tag="720">
      <subfield code="a">Paolisso, Giuseppe</subfield>
      <subfield code="e">author</subfield>
   </datafield>
   <datafield ind2=" " ind1=" " tag="720">
      <subfield code="a">Ferrucci, Luigi</subfield>
      <subfield code="e">author</subfield>
   </datafield>
   <datafield ind2=" " ind1=" " tag="260">
      <subfield code="c">2015-12-22T16:00:37Z</subfield>
   </datafield>
   <datafield ind2=" " ind1=" " tag="260">
      <subfield code="c">2015-12-22T16:00:37Z</subfield>
   </datafield>
   <datafield ind2=" " ind1=" " tag="260">
      <subfield code="c">2009-02</subfield>
   </datafield>
   <datafield ind2=" " ind1=" " tag="260">
      <subfield code="c">2015-12-22T16:00:37Z</subfield>
   </datafield>
   <datafield ind2=" " ind1=" " tag="520">
      <subfield code="a">Due to supporting evidence that dietary patterns may have a significant role in the maintenance of good physical performance with aging, we tested whether plasma fatty acids, saturated fatty acids (SFA), and polyunsaturated (PUFA) fatty acids are cross-sectionally associated with different physical performance and predict changes in physical performance over a 3-year period. Data were from the InCHIANTI study, a population-based study of older Italians. Plasma fatty acids were measured at enrollment (1998-2000), and outcome variables, Summary Physical Performance Battery (SPPB), and time to walk 7 meters (m) were measured at enrollment and after 3 years (2001-2004). At enrollment, 330 participants had significantly impaired lower extremity performance (defined as a SPPB score &lt; or = 9). Adjusting for age, participants with a SPPB score > 9 had higher levels of total PUFA, n-3 PUFA, and n-6 PUFA, while significantly lower levels of SFA than those with a SPPB score &lt; 9. Baseline SPPB scores were also associated with n-3 PUFA (beta = 0.148, p = 0.031), whereas the 7-m walk time was associated with total PUFA (beta = - 0.068, p = 0.008), after adjusting for potential confounders. Of the 884 participants with a SPPB score > 9 at baseline, 114 (12.9%) developed impaired lower extremity performance (SPPB &lt; or = 9). In fully adjusted logistic models, baseline n-3 PUFA levels were inversely related to the risk of developing a decline in SPPB to &lt; or = 9 (odds ratio [OR] = 0.21; 95% confidence interval [CI] = 0.08-0.53), while the n-6/n-3 ratio was associated with a higher risk of SPPB decline to &lt; or = 9 (OR = 5.23; 95% CI = 2.02-13.51). In multivariate regression models, the n-6/n-3 ratio was associated with a longer time to walk 7 m (beta = 0.396, p = 0.037). n-3 PUFA plasma levels, which most likely reflect dietary intake, seem to protect against accelerated decline of physical performance. A higher n-6/n-3 ratio was associated with higher risk of developing poor physical performance and slower walking speed.</subfield>
   </datafield>
   <datafield tag="653" ind2=" " ind1=" ">
      <subfield code="a">Envelliment</subfield>
   </datafield>
   <datafield tag="653" ind2=" " ind1=" ">
      <subfield code="a">Àcids grassos insaturats</subfield>
   </datafield>
   <datafield tag="653" ind2=" " ind1=" ">
      <subfield code="a">Motricitat</subfield>
   </datafield>
   <datafield tag="653" ind2=" " ind1=" ">
      <subfield code="a">Condició física</subfield>
   </datafield>
   <datafield tag="653" ind2=" " ind1=" ">
      <subfield code="a">Aging</subfield>
   </datafield>
   <datafield tag="653" ind2=" " ind1=" ">
      <subfield code="a">Unsaturated fatty acids</subfield>
   </datafield>
   <datafield tag="653" ind2=" " ind1=" ">
      <subfield code="a">Motor ability</subfield>
   </datafield>
   <datafield tag="653" ind2=" " ind1=" ">
      <subfield code="a">Physical fitness</subfield>
   </datafield>
   <datafield ind2="0" ind1="0" tag="245">
      <subfield code="a">Plasma polyunsaturated fatty acids and age-related physical performance decline</subfield>
   </datafield>
</record></metadata></record></GetRecord></OAI-PMH>